[Event "Anapa"]
[Site "Anapa"]
[Date "1991.??.??"]
[Round "?"]
[White "Tunik, Gennady"]
[Black "Beshukov, Sergei"]
[Result "0-1"]
[WhiteElo "2470"]
[BlackElo "2310"]
[PlyCount "134"]
[EventDate "1991.??.??"]
[Source "www.chesslib.no"]
[SourceDate "2004.05.04"]

1. d4 f5 2. e4 fxe4 3. Nc3 Nf6 4. Bg5 Nc6 5. d5 Ne5 6. Qd4 Nf7 7. h4 d6 8. Bb5+ Bd7 9. Bxd7+ Qxd7 10. O-O-O e5 11. Qb4 O-O-O 12. Nge2 c5 13. Qc4 Qg4 14. Bxf6 gxf6 15. f3 Qxg2 16. fxe4 Qg4 17. Rdf1 Be7 18. Nd1 Qd7 19. Ne3 Rhg8 20. Kb1 Rg6 21. a3 Kb8 22. Rf3 Rdg8 23. Nf5 Bd8 24. Rg3 Nh6 25. Rxg6 hxg6 26. Nxh6 Rh8 27. Nf5 gxf5 28. Ng3 fxe4 29. Qxe4 Kc7 30. h5 Be7 31. h6 Bf8 32. Nf5 Qh7 33. Ka2 Qg6 34. b4 cxb4 35. axb4 Kb8 36. Rh3 Rxh6 37. Rxh6 Bxh6 38. Nxd6 Qxe4 39. Nxe4 f5 40. Ng3 f4 41. Ne4 b5 42. Kb3 f3 43. c4 bxc4+ 44. Kxc4 Be3 45. Kd3 Bd4 46. Nd2 f2 47. Ke2 Kb7 48. Ne4 Kb6 49. Kf1 Kb5 50. Ke2 Kxb4 51. d6 Bb6 52. Nxf2 Kc5 53. Ne4+ Kd5 54. Kd3 a5 55. d7 Ke6 56. Kc4 Kxd7 57. Kd5 Bc7 58. Nf6+ Ke7 59. Ne4 a4 60. Nc3 a3 61. Na2 Kf6 62. Ke4 Ke6 63. Nc3 Ba5 64. Na2 Bb6 65. Nc3 Bd4 66. Na2 Kd6 67. Kd3 Kc5 0-1

[Event "Oster op"]
[Site "Essen Borbeck"]
[Date "1999.04.04"]
[Round "7"]
[White "Kartsev, Soel"]
[Black "Mainka, Romuald"]
[Result "0-1"]
[WhiteElo "2290"]
[BlackElo "2485"]
[PlyCount "76"]
[EventDate "1999.03.??"]
[Source "www.chesslib.no"]
[SourceDate "2004.05.04"]

1. d4 f5 2. e4 fxe4 3. Nc3 Nf6 4. Bg5 Nc6 5. d5 Ne5 6. Qd4 Nf7 7. Bxf6 exf6 8. Nxe4 Be7 9. Nf3 O-O 10. Bd3 f5 11. Ng3 Bf6 12. Qb4 a5 13. Qa3 Re8+ 14. Kf1 g6 15. Re1 Rxe1+ 16. Kxe1 d6 17. h4 Bd7 18. h5 b5 19. hxg6 hxg6 20. Ne2 Ne5 21. Nfd4 b4 22. Qb3 Qe8 23. Bc4 a4 24. Qxb4 Rb8 25. Qc3 Nxc4 26. Qxc4 Rxb2 27. Kd2 Qb8 28. a3 Qb6 29. Rh3 Rb1 30. Rc3 Be8 31. Re3 Bd7 32. Rg3 g5 33. Rc3 Rf1 34. Qb4 Qa7 35. Ke3 f4+ 36. Kf3 Qa8 37. Qc4 g4+ 38. Kxf4 Qf8 0-1

[Event "Memorial M.Najdorf (open)"]
[Site "Grodzisk Mazowiecki (Poland)"]
[Date "2007.07.20"]
[Round "1"]
[White "Szymanski Andrzej (POL)"]
[Black "Malaniuk Vladimir P (UKR)"]
[Result "0-1"]
[WhiteElo "2251"]
[BlackElo "2522"]
[PlyCount "104"]
[EventDate "2007.??.??"]
[Source "www.chesslib.no"]
[SourceDate "2004.05.04"]

1. d4 f5 2. e4 fxe4 3. Nc3 Nf6 4. Bg5 Nc6 5. d5 Ne5 6. Qd4 Nf7 7. Bxf6 exf6 8. O-O-O Be7 9. Qxe4 O-O 10. Re1 Bc5 11. Nh3 g6 12. g4 Ng5 13. Nxg5 fxg5 14. d6 Bxd6 15. Bc4+ Kg7 16. Nd5 c6 17. Qd4+ Rf6 18. Re8 Bc5 19. Rg8+ Kxg8 20. Nxf6+ Kh8 21. Qxc5 Qxf6 22. Re1 d5 23. Re8+ Kg7 24. Be2 b6 25. Qe3 Kf7 26. h4 Bb7 27. Rxa8 Bxa8 28. hxg5 Qe7 29. Qf4+ Kg7 30. Qd4+ Kg8 31. Qd2 Bb7 32. Bf3 Qe5 33. c3 Bc8 34. Kc2 Be6 35. Kc1 Kf7 36. b3 a5 37. Kb2 b5 38. Qd4 Qxg5 39. Qa7+ Kg8 40. Qb8+ Kg7 41. Qc7+ Bf7 42. Kc2 Qf6 43. Qg3 b4 44. Be2 g5 45. cxb4 axb4 46. Bd3 c5 47. Bf5 h5 48. f3 h4 49. Qc7 c4 50. bxc4 dxc4 51. Kb1 c3 52. Qd7 h3 0-1

[Event "X Asian Women"]
[Site "Calcuta"]
[Date "2003.08.21"]
[Round "5"]
[White "Huang Qian"]
[Black "Hoang Thanh Trang"]
[Result "1/2-1/2"]
[WhiteElo "2313"]
[BlackElo "2458"]
[PlyCount "121"]
[EventDate "2003.08.17"]
[Source "Roberto Alvarez"]
[SourceDate "2003.08.25"]

1. d4 f5 2. e4 fxe4 3. Nc3 Nf6 4. Bg5 Nc6 5. f3 d5 6. Bb5 Qd6 7. Qd2 Bf5 8. O-O-O O-O-O 9. Bf4 Qe6 10. Nge2 a6 11. Bxc6 Qxc6 12. fxe4 Bxe4 13. Ng3 Bg6 14. Rde1 e6 15. a3 Bd6 16. Rhf1 Rde8 17. Bxd6 Qxd6 18. Qg5 Re7 19. Re2 Be8 20. Rfe1 h6 21. Qe5 Qxe5 22. Rxe5 Kd8 23. Rxe6 Rxe6 24. Rxe6 Rf8 25. Re2 Bg6 26. Kd2 Kd7 27. h3 Kd6 28. Nd1 h5 29. Ne3 Nh7 30. Re1 h4 31. Ne2 Be4 32. Nc3 Ng5 33. Nxe4+ Nxe4+ 34. Kd3 Ng3 35. c4 Rf2 36. cxd5 b5 37. Rc1 Rxb2 38. Rc6+ Kd7 39. Rxa6 Rb3+ 40. Kd2 Ne4+ 41. Ke2 Nc3+ 42. Kf2 Na4 43. Rg6 Rxa3 44. Rxg7+ Kc8 45. Rg8+ Kb7 46. Rg7 Kb6 47. Rg6+ Kb7 48. Rg7 Kb6 49. Rg6+ Ka5 50. d6 cxd6 51. Rxd6 Ra2+ 52. Kf3 b4 53. Rd5+ Ka6 54. Nc4 Nc3 55. Rc5 b3 56. d5 Nb5 57. Rc6+ Ka7 58. Rc5 Ka6 59. Rc6+ Ka7 60. Rc5 Ka6 61. Rc6+ 1/2-1/2

[Event "SCO Congress"]
[Site "Edinburgh"]
[Date "1998.??.??"]
[Round "3"]
[White "Kraemer, Matthias"]
[Black "Quispe, Roque"]
[Result "0-1"]
[WhiteElo "2295"]
[BlackElo "2475"]
[PlyCount "42"]
[EventDate "1998.??.??"]
[Source "www.chesslib.no"]
[SourceDate "2004.05.04"]

1. d4 f5 2. e4 fxe4 3. Nc3 Nf6 4. Bg5 Nc6 5. f3 d5 6. fxe4 dxe4 7. d5 Ne5 8. Qd4 Nf7 9. Bxf6 exf6 10. Nxe4 c6 11. O-O-O Qb6 12. Nf3 Bd7 13. Nxf6+ gxf6 14. Re1+ Be7 15. Qxf6 Qb4 16. Bc4 Kf8 17. Qf4 Qd6 18. Qe3 Re8 19. Qf2 cxd5 20. Bd3 Qb6 21. Nd4 Bf6 0-1

[Event "Open A"]
[Site "Verona ITA"]
[Date "2008.01.02"]
[Round "1"]
[White "Adly, Ahmed"]
[Black "Luciani, Valerio"]
[Result "1-0"]
[WhiteElo "2551"]
[BlackElo "2217"]
[PlyCount "33"]
[EventDate "2008.01.02"]
[Source "www.chesslib.no"]
[SourceDate "2004.05.04"]

1. d4 f5 2. e4 fxe4 3. Nc3 Nf6 4. Bg5 Nc6 5. d5 Ne5 6. Qd4 Nf7 7. h4 g6 8. O-O-O Bg7 9. Nxe4 O-O 10. Nf3 d6 11. Nxf6+ exf6 12. Be3 Nh6 13. Qd2 Ng4 14. Bf4 Qe8 15. Nd4 Qa4 16. Kb1 f5 17. Nb5 1-0

[Event "It (Open) Le Touquet FRA"]
[Site "?"]
[Date "2005.10.25"]
[Round "3"]
[White "Murey Jacob"]
[Black "Schabanel Stephane"]
[Result "1/2-1/2"]
[WhiteElo "2458"]
[BlackElo "2307"]
[PlyCount "58"]
[EventDate "2005.??.??"]
[Source "www.chesslib.no"]
[SourceDate "2004.05.04"]

1. d4 f5 2. e4 fxe4 3. Nc3 Nf6 4. Bg5 Nc6 5. d5 Ne5 6. Qd4 Nf7 7. h4 e5 8. dxe6 dxe6 9. Qxd8+ Nxd8 10. O-O-O Bd7 11. Nge2 Nf7 12. Nd4 Nd6 13. Ndb5 Nxb5 14. Bxb5 O-O-O 15. Bxd7+ Rxd7 16. Rxd7 Kxd7 17. Rd1+ Bd6 18. Bxf6 gxf6 19. Nxe4 Ke7 20. g3 b5 21. c4 bxc4 22. Rd4 f5 23. Nxd6 cxd6 24. Rxc4 Kd7 25. Ra4 Rc8+ 26. Kd2 Rc7 27. Ra6 e5 28. b4 Ke6 29. b5 e4 1/2-1/2

[Event "Open"]
[Site "Pune"]
[Date "2004.09.12"]
[Round "10"]
[White "Saptarshi, Roy"]
[Black "Girinath, PDS."]
[Result "1/2-1/2"]
[WhiteElo "2363"]
[BlackElo "2400"]
[PlyCount "62"]
[EventDate "2004.09.03"]
[Source "Roberto Alvarez"]
[SourceDate "2004.09.21"]

1. d4 f5 2. e4 fxe4 3. Nc3 Nf6 4. Bg5 Nc6 5. d5 Ne5 6. Qd4 Nf7 7. h4 c6 8. O-O-O Qb6 9. Bxf6 gxf6 10. Qxe4 Qxf2 11. dxc6 bxc6 12. Nf3 Rb8 13. Bc4 Bh6+ 14. Kb1 Qe3 15. Bxf7+ Kxf7 16. Qc4+ Qe6 17. Qc5 d5 18. Nd4 Qd7 19. Nxc6 Rb6 20. Nb4 e6 21. Rhf1 Qb7 22. a3 Bg7 23. g4 Rf8 24. h5 Kg8 25. Rxf6 Bh6 26. Qd4 e5 27. Ncxd5 Rxb4 28. Rdf1 Rxb2+ 29. Ka1 Rb1+ 30. Rxb1 Bg7 31. Rbf1 Bh6 1/2-1/2

[Event "FRG-ch"]
[Site "Bad Neuenahr"]
[Date "1978.??.??"]
[Round "7"]
[White "Reefschlaeger, Helmut"]
[Black "Gerusel, Mathias"]
[Result "0-1"]
[WhiteElo "2350"]
[BlackElo "2410"]
[PlyCount "172"]
[EventDate "1978.??.??"]
[Source "www.chesslib.no"]
[SourceDate "2004.05.04"]

1. d4 f5 2. e4 fxe4 3. Nc3 Nf6 4. Bg5 Nc6 5. d5 Ne5 6. Qd4 Nf7 7. Bxf6 exf6 8. O-O-O f5 9. f3 Bd6 10. fxe4 Be5 11. Qb4 a5 12. Qa3 d6 13. Bb5+ Bd7 14. Qa4 Bxc3 15. bxc3 Bxb5 16. Qxb5+ Qd7 17. Qxd7+ Kxd7 18. exf5 Raf8 19. Nf3 Nh6 20. g4 Nxg4 21. Rdg1 Rxf5 22. Rxg4 Rxf3 23. Rxg7+ Kc8 24. Kb2 Rf4 25. Re1 Rc4 26. a4 Rxa4 27. Ree7 Rc4 28. Rxh7 Rxh7 29. Rxh7 b5 30. h4 Kb7 31. h5 Rc5 32. h6 Rxd5 33. c4 bxc4 34. Kc3 a4 35. Rg7 Rh5 36. h7 Rh4 37. Kb4 Kb6 38. Kxa4 c5 39. Rg4 Rxh7 40. Rxc4 Rh3 41. Rc3 Rh4+ 42. Ka3 Rb4 43. Rh3 d5 44. c3 Rb1 45. Ka2 Rd1 46. Kb3 Rd2 47. Ka4 Ra2+ 48. Kb3 Re2 49. Ka4 c4 50. Rh8 Ra2+ 51. Kb4 Rb2+ 52. Ka4 Kc5 53. Rc8+ Kd6 54. Rh8 Rb3 55. Rh3 Ke5 56. Re3+ Kf5 57. Rf3+ Kg4 58. Re3 Kf4 59. Rh3 Rb8 60. Rh4+ Ke5 61. Rh6 Ke4 62. Rh3 Rb1 63. Rg3 Rd1 64. Kb4 Rd3 65. Rg5 Ke3 66. Rg2 Rd2 67. Rg5 Ke2 68. Kc5 Rd3 69. Kb4 Kd2 70. Rg2+ Kc1 71. Rg1+ Kc2 72. Rg2+ Rd2 73. Rg3 Kb2 74. Rf3 Ka2 75. Rh3 Rb2+ 76. Kc5 Kb3 77. Kxd5 Rd2+ 78. Kc5 Rd3 79. Rh8 Rg3 80. Rh1 Kxc3 81. Rc1+ Kb3 82. Rb1+ Ka2 83. Rb8 c3 84. Ra8+ Kb2 85. Rb8+ Kc1 86. Rb3 Rg5+ 0-1

[Event "ch"]
[Site "?"]
[Date "1997.??.??"]
[Round "?"]
[White "Fyllingen Roy Harald"]
[Black "Bern Ivar"]
[Result "1/2-1/2"]
[WhiteElo "2410"]
[BlackElo "2350"]
[PlyCount "38"]
[EventDate "1997.??.??"]
[Source "www.chesslib.no"]
[SourceDate "2004.05.04"]

1. d4 f5 2. e4 fxe4 3. Nc3 Nf6 4. Bg5 Nc6 5. d5 Ne5 6. Qd4 Nf7 7. Bxf6 exf6 8. Nxe4 f5 9. Nc3 g6 10. Bc4 d6 11. Bb5+ Bd7 12. Nf3 Bh6 13. Qa4 a6 14. Bxd7+ Qxd7 15. Qb3 c5 16. O-O O-O 17. Rfd1 Rae8 18. Ne1 Re4 19. a3 b5 1/2-1/2

[Event "Barcelona UGA"]
[Site "?"]
[Date "1996.??.??"]
[Round "6"]
[White "Moreno Sanchis Jordi Alex"]
[Black "Gual Pascual Antonio"]
[Result "0-1"]
[WhiteElo "2365"]
[BlackElo "2390"]
[PlyCount "72"]
[EventDate "1996.??.??"]
[Source "www.chesslib.no"]
[SourceDate "2004.05.04"]

1. d4 f5 2. e4 fxe4 3. Nc3 Nf6 4. Bg5 Nc6 5. d5 Ne5 6. Qd4 Nf7 7. h4 c6 8. O-O-O Qb6 9. Bxf6 gxf6 10. Qxe4 Qxf2 11. Nf3 Bh6+ 12. Kb1 Qe3 13. Qb4 a5 14. Qb3 Qf4 15. dxc6 bxc6 16. Bc4 e6 17. Qa4 Rb8 18. Bxe6 Qxa4 19. Bxf7+ Kxf7 20. Nxa4 Rg8 21. Nc5 d5 22. Nd4 Rb6 23. Ndb3 Rxg2 24. Nxa5 Bf5 25. Nd3 c5 26. Rhf1 c4 27. Ne1 Rd2 28. Rxd2 Bxd2 29. Rxf5 Bxa5 30. Nf3 Bc3 31. b3 Ke6 32. Rf4 Rb7 33. Kc1 Rc7 34. Kd1 Be5 35. Nd4+ Kf7 36. Rg4 h5 0-1

[Event "HUN-chT9899"]
[Site "HUN"]
[Date "1999.??.??"]
[Round "?"]
[White "Mester, Gyula"]
[Black "Hoang Thanh Trang"]
[Result "1/2-1/2"]
[WhiteElo "2400"]
[BlackElo "2350"]
[PlyCount "97"]
[EventDate "1998.??.??"]
[Source "www.chesslib.no"]
[SourceDate "2004.05.04"]

1. d4 f5 2. e4 fxe4 3. Nc3 Nf6 4. Bg5 Nc6 5. d5 Ne5 6. Qd4 Nf7 7. h4 c6 8. Bxf6 gxf6 9. Nxe4 Qb6 10. O-O-O Qxd4 11. Rxd4 cxd5 12. Rxd5 b6 13. Rd4 Bb7 14. Bb5 O-O-O 15. Ne2 d5 16. N4g3 e5 17. Ra4 Kb8 18. Nf5 a6 19. Rxa6 Bxa6 20. Bxa6 Rg8 21. g3 Nh6 22. Nxh6 Bxh6+ 23. Kb1 f5 24. f4 exf4 25. gxf4 Rde8 26. Nc3 Rg4 27. Nxd5 Rxh4 28. Rf1 Ka7 29. Bd3 Bxf4 30. a3 Bd6 31. Nc3 Kb8 32. Rxf5 h5 33. Ka2 Rh8 34. Nb5 Bc7 35. Rf7 Bd8 36. Rd7 Rf4 37. Nd4 Kc8 38. Rd5 h4 39. Ne6 Rf6 40. Ba6+ Kb8 41. Nxd8 Kc7 42. Rd4 h3 43. Rc4+ Kd7 44. Nc6 h2 45. Bb7 Kc7 46. Nd8+ Kd6 47. Rd4+ Kc7 48. Rc4+ Kd7 49. Nc6 1/2-1/2

[Event "Corr"]
[Site "corr."]
[Date "1994.??.??"]
[Round "?"]
[White "Blanko G.C"]
[Black "Milicevic, Dragoljub"]
[Result "0-1"]
[WhiteElo "2450"]
[BlackElo "2295"]
[PlyCount "92"]
[EventDate "1994.??.??"]
[Source "www.chesslib.no"]
[SourceDate "2004.05.04"]

1. d4 f5 2. e4 fxe4 3. Nc3 Nf6 4. Bg5 Nc6 5. f3 e5 6. d5 Nd4 7. Nxe4 Be7 8. Bxf6 Bxf6 9. Qd2 O-O 10. O-O-O d6 11. g4 Bh4 12. Qd3 a6 13. c3 Nb5 14. Ne2 Bd7 15. N2g3 g6 16. Be2 Na7 17. Kb1 b5 18. Qe3 Rf4 19. Bd3 Nc8 20. Ne2 Rf7 21. g5 Kg7 22. Bc2 a5 23. Rhg1 a4 24. f4 Nb6 25. Nf6 Nc4 26. Qf3 Rxf6 27. gxf6+ Qxf6 28. Qe4 Rf8 29. fxe5 dxe5 30. Ng3 Bxg3 31. Rxg3 Nd6 32. Qe2 e4 33. h4 Qxh4 34. Rg2 Rf4 35. Rdg1 Qf6 36. Rh2 h6 37. a3 g5 38. Qe1 Bg4 39. Bd1 Bf3 40. Qe3 Qe5 41. Rf2 Nc4 42. Qc5 Bxd1 43. Rxd1 Rxf2 44. Qxf2 e3 45. Qe2 Kg6 46. Kc1 Qf5 0-1

[Event "Ch Norway (team) 1998/99"]
[Site "Norway"]
[Date "1998.??.??"]
[Round "4"]
[White "Granda Zuniga, J."]
[Black "Cavero, D."]
[Result "0-1"]
[WhiteElo "2420"]
[BlackElo "2325"]
[PlyCount "56"]
[EventDate "1998.??.??"]
[Source "www.chesslib.no"]
[SourceDate "2004.05.04"]

1. d4 f5 2. e4 fxe4 3. Nc3 Nf6 4. Bg5 Nc6 5. d5 Ne5 6. Qe2 c6 7. O-O-O Qa5 8. Bxf6 gxf6 9. Qxe4 d6 10. Nf3 f5 11. Qh4 Nxf3 12. Qh5+ Kd8 13. Qxf3 Bd7 14. Kb1 Bg7 15. Ne2 Qb6 16. c3 a5 17. Nf4 a4 18. Bc4 Ra5 19. Rhe1 Re8 20. Nh5 Bh8 21. dxc6 bxc6 22. Be6 Rb5 23. Rd2 Bxe6 24. Rxe6 Kd7 25. Ree2 Rb8 26. Qd3 Rc5 27. Qc2 Rxc3 28. Qxf5+ Ke8 0-1

[Event "Budapest HUN"]
[Site "?"]
[Date "2001.08.19"]
[Round "3.1"]
[White "Mester Gyula"]
[Black "Rigo Janos"]
[Result "1-0"]
[WhiteElo "2397"]
[BlackElo "2346"]
[PlyCount "89"]
[EventDate "2001.??.??"]
[Source "www.chesslib.no"]
[SourceDate "2004.05.04"]

1. d4 f5 2. e4 fxe4 3. Nc3 Nf6 4. Bg5 c5 5. dxc5 Qa5 6. Bxf6 exf6 7. Qh5+ g6 8. Qd5 Qxc5 9. Bc4 Kd8 10. Qxe4 Bh6 11. Nge2 Re8 12. Qd5 Qxd5 13. Nxd5 Bg7 14. O-O-O Nc6 15. Nec3 b6 16. Rhe1 Rxe1 17. Rxe1 Bb7 18. Ne4 Ne5 19. Nd6 Bxd5 20. Bxd5 Bh6+ 21. Kd1 Rb8 22. Rxe5 fxe5 23. Nf7+ Ke7 24. Nxh6 Rf8 25. Ke2 Rf4 26. g3 Rf8 27. Ng4 d6 28. h4 Kd7 29. Ne3 Ke7 30. Bb3 Kd7 31. Bc4 Kc6 32. a4 Kd7 33. b4 Kc6 34. Bb5+ Kb7 35. Nd5 Rc8 36. Bd3 Rf8 37. Be4 Kb8 38. g4 Rf7 39. g5 Kc8 40. Nf6 Kd8 41. Bd5 Rf8 42. Bg8 Ke7 43. Bxh7 Kf7 44. h5 gxh5 45. Nxh5 1-0

[Event "Budapest FS09 GM"]
[Site "Budapest"]
[Date "1996.??.??"]
[Round "10"]
[White "Schebler, Gerhard"]
[Black "Haub, Thorsten Michael"]
[Result "1-0"]
[WhiteElo "2425"]
[BlackElo "2310"]
[PlyCount "105"]
[EventDate "1996.09.??"]
[Source "www.chesslib.no"]
[SourceDate "2004.05.04"]

1. d4 f5 2. Nc3 Nf6 3. Bg5 e6 4. e4 fxe4 5. Nxe4 Be7 6. Bxf6 Bxf6 7. c3 d6 8. Nf3 Bd7 9. Bd3 Nc6 10. Qe2 Qe7 11. O-O-O O-O-O 12. Rhe1 Rde8 13. Kb1 Kb8 14. Bc2 e5 15. d5 Nd8 16. c4 Nf7 17. Qe3 c5 18. dxc6 Bxc6 19. Nxf6 Qxf6 20. Be4 Rc8 21. Rc1 Rhf8 22. Red1 Qh6 23. Rc3 Qxe3 24. Rxe3 Bxe4+ 25. Rxe4 Rc6 26. b3 Nd8 27. Rd2 Ne6 28. Ne1 Nd4 29. f4 Rc7 30. fxe5 dxe5 31. Rxe5 Nc6 32. Re4 a5 33. Kb2 Rf1 34. Nc2 Rcf7 35. Nd4 Nxd4 36. Rexd4 Kc7 37. Ka3 b6 38. Ka4 R1f2 39. Rd7+ Kc6 40. R2d6+ Kc5 41. Rd5+ Kc6 42. R7d6+ Kc7 43. Kb5 Rxg2 44. Rc6+ Kb7 45. Rxb6+ Kc8 46. a4 Rxh2 47. Kxa5 Rg2 48. b4 g6 49. b5 h5 50. c5 h4 51. Rbd6 h3 52. Rd8+ Kc7 53. Ka6 1-0

[Event "Nigran op"]
[Site "?"]
[Date "1995.??.??"]
[Round "7"]
[White "Minzer Claudio Javier"]
[Black "Permuy Lorenzo Carlos Javier"]
[Result "1/2-1/2"]
[WhiteElo "2385"]
[BlackElo "2350"]
[PlyCount "55"]
[EventDate "1995.??.??"]
[Source "www.chesslib.no"]
[SourceDate "2004.05.04"]

1. d4 f5 2. e4 fxe4 3. Nc3 Nf6 4. Bg5 Nc6 5. d5 Ne5 6. Qd4 Nf7 7. Nh3 c6 8. O-O-O Nxg5 9. Nxg5 Qb6 10. Ngxe4 Qxd4 11. Rxd4 Nxd5 12. Nxd5 cxd5 13. Rxd5 b6 14. Bb5 a6 15. Ba4 b5 16. Bb3 Bb7 17. Re1 e6 18. Nd6+ Bxd6 19. Rxd6 Ke7 20. Rd4 Rhf8 21. f3 g5 22. Bd5 Bxd5 23. Rxd5 h6 24. h4 gxh4 25. Rh5 Rg8 26. Re2 Rg3 27. Rxh4 Rag8 28. Rh2 1/2-1/2

[Event "Odense"]
[Site "Odense"]
[Date "1993.??.??"]
[Round "6"]
[White "Meyer, Lars A"]
[Black "Pedersen, Steffen"]
[Result "1/2-1/2"]
[WhiteElo "2345"]
[BlackElo "2385"]
[PlyCount "33"]
[EventDate "1993.??.??"]
[Source "ChessBase"]

1. d4 f5 2. e4 fxe4 3. Nc3 Nf6 4. Bg5 Nc6 5. f3 d5 6. Bb5 Qd6 7. Bxf6 exf6 8. fxe4 dxe4 9. d5 a6 10. Ba4 b5 11. Bb3 Na5 12. Nxe4 Qe5 13. Qe2 Nxb3 14. Nf3 Nd4 15. Nxe5 f5 16. Ng5 Nxe2 17. Kxe2 1/2-1/2

[Event "RUS-Cup"]
[Site "Moscow"]
[Date "2000.??.??"]
[Round "1"]
[White "Arbakov, Valentin"]
[Black "Lysova, Olga"]
[Result "1-0"]
[WhiteElo "2471"]
[BlackElo "2256"]
[PlyCount "45"]
[EventDate "2000.??.??"]
[Source "www.chesslib.no"]
[SourceDate "2004.05.04"]

1. d4 f5 2. Nc3 Nf6 3. Bg5 e6 4. e4 fxe4 5. Nxe4 Be7 6. Bxf6 Bxf6 7. Nf3 b6 8. c3 Bb7 9. Bd3 Bxe4 10. Bxe4 d5 11. Bc2 Qd6 12. Qb1 Nd7 13. Bxh7 O-O-O 14. h3 e5 15. dxe5 Nxe5 16. Nd4 Kb7 17. Bd3 Ng4 18. Be2 Nxf2 19. Kxf2 Bh4+ 20. Kg1 Qg3 21. Rh2 Qf2+ 22. Kh1 Bg3 23. Qd3 1-0

[Event "Detroit Motor City Open"]
[Site "Detroit, MI USA"]
[Date "1994.??.??"]
[Round "4"]
[White "Chow, Albert"]
[Black "Berkovich, Dmitry"]
[Result "1/2-1/2"]
[WhiteElo "2310"]
[BlackElo "2415"]
[PlyCount "47"]
[EventDate "1994.??.??"]
[Source "www.chesslib.no"]
[SourceDate "2004.05.04"]

1. d4 f5 2. e4 fxe4 3. Nc3 Nf6 4. Bg5 Nc6 5. f3 exf3 6. Nxf3 d5 7. Ne5 g6 8. Bb5 Qd6 9. O-O Bg7 10. Bf4 Qe6 11. Re1 Qf5 12. Nxc6 Qxf4 13. Nxe7+ Kd8 14. Nexd5 Nxd5 15. Nxd5 Qd6 16. Ne3 c6 17. Bc4 Bxd4 18. c3 Be5 19. Ng4 Bxg4 20. Qxg4 Kc7 21. Kh1 Rad8 22. Rad1 Qf6 23. Rxd8 Rxd8 24. Rf1 1/2-1/2

[Event "Oberliga Ost B9798"]
[Site "Germany"]
[Date "1998.??.??"]
[Round "?"]
[White "Hess, Ralf"]
[Black "Euler, Gerd"]
[Result "0-1"]
[WhiteElo "2360"]
[BlackElo "2365"]
[PlyCount "112"]
[EventDate "1997.09.??"]
[Source "www.chesslib.no"]
[SourceDate "2004.05.04"]

1. d4 f5 2. e4 fxe4 3. Nc3 Nf6 4. Bg5 d5 5. f3 Bf5 6. Qd2 Nbd7 7. O-O-O h6 8. Bh4 g5 9. Bf2 Bg7 10. g4 Bg6 11. h4 gxh4 12. Bxh4 c6 13. fxe4 dxe4 14. Bc4 Nb6 15. Bb3 Nfd5 16. Nge2 Qd7 17. Nf4 Nxf4 18. Qxf4 Nd5 19. Qd2 Nxc3 20. Qxc3 Rf8 21. Qb4 a5 22. Qa3 Qd6 23. Qc5 a4 24. Bc4 b5 25. Be2 Qxc5 26. dxc5 a3 27. b3 Rd8 28. Rxd8+ Kxd8 29. Rh3 Bd4 30. b4 Bb2+ 31. Kb1 Bf7 32. Re3 Bd5 33. c3 Kd7 34. Be1 Rf6 35. Rh3 Bf7 36. Re3 Bd5 37. Rh3 e5 38. Rh5 Ke6 39. Kc2 Bxa2 40. Bg3 Kf7 41. Rxe5 Bd5 42. Bh4 Re6 43. Rxd5 cxd5 44. Bxb5 e3 45. c6 Re8 46. c7 Rc8 47. Bd8 Ke6 48. Be2 Kd6 49. Bf3 d4 50. cxd4 Bxd4 51. Kb3 Bb6 52. g5 Bxc7 53. Bxc7+ Rxc7 54. gxh6 Rh7 55. Kxa3 Rxh6 56. Kb3 Rh3 0-1

[Event "Tel Aviv Open"]
[Site "Tel Aviv ISR"]
[Date "1990.??.??"]
[Round "?"]
[White "Zilberman, Yaacov"]
[Black "Shabtai, Ran"]
[Result "1-0"]
[WhiteElo "2380"]
[BlackElo "2345"]
[PlyCount "115"]
[EventDate "1990.??.??"]
[Source "www.chesslib.no"]
[SourceDate "2004.05.04"]

1. d4 f5 2. Nc3 Nf6 3. Bg5 e6 4. e4 fxe4 5. Nxe4 Be7 6. Bxf6 Bxf6 7. Nf3 Qe7 8. c3 Nc6 9. Bd3 d5 10. Nxf6+ gxf6 11. Qe2 Bd7 12. O-O-O O-O-O 13. Rhe1 Qg7 14. g3 e5 15. Bb5 e4 16. Nh4 Bg4 17. f3 Qg5+ 18. Rd2 exf3 19. Nxf3 Qf5 20. Rf1 Rhe8 21. Bd3 Qh5 22. Qf2 Re6 23. Ng1 Ne7 24. Ne2 Bxe2 25. Rxe2 Rxe2 26. Qxe2 Qxe2 27. Bxe2 Rf8 28. Bd3 Rf7 29. Rf4 Kd7 30. Kd2 Ke6 31. Rh4 f5 32. Rh6+ Ng6 33. Rh5 Ne7 34. Ke3 Kf6 35. Kf4 Ng6+ 36. Kf3 Ne7 37. g4 fxg4+ 38. Kxg4 Rg7+ 39. Kf3 Rg1 40. Rh6+ Kg7 41. Rxh7+ Kf6 42. Rh6+ Kf7 43. Rh8 Ra1 44. Rb8 b6 45. a3 Ra2 46. Rb7 Rxb2 47. Rxc7 a5 48. h4 Rd2 49. Bb5 Rh2 50. Kg3 Ra2 51. h5 Kf6 52. Bd7 Ra1 53. a4 Kg5 54. Be6 Kf6 55. Bh3 Rxa4 56. h6 Rc4 57. Rxe7 Rxc3+ 58. Kh4 1-0

[Event "Grand Prix I"]
[Site "Buenos Aires"]
[Date "1992.??.??"]
[Round "4"]
[White "Minzer, Claudio Javier"]
[Black "Adla, Diego"]
[Result "1/2-1/2"]
[WhiteElo "2290"]
[BlackElo "2435"]
[PlyCount "32"]
[EventDate "1992.??.??"]
[Source "www.chesslib.no"]
[SourceDate "2004.05.04"]

1. d4 f5 2. e4 fxe4 3. Nc3 Nf6 4. Bg5 e6 5. Nxe4 Be7 6. Bxf6 Bxf6 7. Qh5+ g6 8. Qh6 b6 9. Nf3 Bb7 10. Bd3 Nc6 11. c3 Qe7 12. Qf4 O-O 13. Qxc7 Na5 14. O-O Bg7 15. b4 Rac8 16. Qg3 Nc4 1/2-1/2

[Event "Oster op"]
[Site "Essen Borbeck"]
[Date "1999.??.??"]
[Round "3"]
[White "Schroeder, Wilfried"]
[Black "Mainka, Romuald"]
[Result "0-1"]
[WhiteElo "2237"]
[BlackElo "2485"]
[PlyCount "40"]
[EventDate "1999.03.??"]
[Source "www.chesslib.no"]
[SourceDate "2004.05.04"]

1. d4 f5 2. e4 fxe4 3. Nc3 Nf6 4. Bg5 Nc6 5. d5 Ne5 6. Qe2 Nf7 7. h4 c6 8. Bxf6 gxf6 9. Qxe4 Qb6 10. O-O-O Qxf2 11. Nf3 Bh6+ 12. Kb1 Qe3 13. Qg4 Qf4 14. Qh5 d6 15. dxc6 bxc6 16. Nd5 cxd5 17. Bb5+ Kf8 18. Qxd5 Rb8 19. Bc4 e6 20. Qc6 d5 0-1

[Event "Koop Tjuchem op"]
[Site "Groningen"]
[Date "1996.??.??"]
[Round "1"]
[White "Ernst, Sipke"]
[Black "Brenninkmeijer, Joris"]
[Result "1-0"]
[WhiteElo "2215"]
[BlackElo "2505"]
[PlyCount "81"]
[EventDate "1996.12.20"]
[Source "www.chesslib.no"]
[SourceDate "2004.05.04"]

1. d4 f5 2. e4 fxe4 3. Nc3 Nf6 4. Bg5 Nc6 5. d5 Ne5 6. Qd4 Nf7 7. Bxf6 exf6 8. Nxe4 f5 9. Ng3 g6 10. Nf3 Bh6 11. Bd3 O-O 12. O-O Bg7 13. Qb4 a5 14. Qa3 Qf6 15. Rab1 d6 16. Rfe1 Ne5 17. Nxe5 dxe5 18. Rbd1 Bd7 19. d6 cxd6 20. Bc4+ Kh8 21. Rxd6 Qe7 22. Red1 Bc6 23. Bd5 Bxd5 24. R1xd5 e4 25. Nf1 f4 26. Qh3 e3 27. Re6 Qf7 28. Rd1 exf2+ 29. Kxf2 Bxb2 30. Rb6 Bg7 31. Rd7 Qc4 32. Rbxb7 Bd4+ 33. Kf3 Qxf1+ 34. Ke4 Bg7 35. Rxg7 Rfe8+ 36. Kd4 Qf2+ 37. Kd5 Qd2+ 38. Qd3 Rad8+ 39. Rgd7 Rxd7+ 40. Rxd7 Qxg2+ 41. Kd6 1-0

[Event "4. EU Ch.sf.1"]
[Site "IV EU Ch.sf.1"]
[Date "1991.??.??"]
[Round "?"]
[White "Zanetti, A."]
[Black "San Marco, Bruno"]
[Result "1-0"]
[WhiteElo "2460"]
[BlackElo "2260"]
[PlyCount "89"]
[EventDate "1991.??.??"]
[Source "www.chesslib.no"]
[SourceDate "2004.05.04"]

1. d4 f5 2. Nc3 Nf6 3. Bg5 e6 4. e4 fxe4 5. Nxe4 Be7 6. Bxf6 Bxf6 7. Qh5+ g6 8. Qh6 b6 9. Nf3 Bb7 10. Bd3 Qe7 11. O-O-O Na6 12. c3 O-O-O 13. Qe3 Bg7 14. Rhe1 Nb8 15. Kb1 Nc6 16. Nfg5 Rde8 17. f4 Nd8 18. h4 Kb8 19. g3 Nf7 20. Nxf7 Qxf7 21. Ng5 Qf6 22. Be4 Bxe4+ 23. Qxe4 h6 24. Nf3 Qf5 25. Rd3 Qxe4 26. Rxe4 Kc8 27. Rde3 Kd8 28. Kc2 Bf6 29. Re1 Reg8 30. Rh1 Rh7 31. Nh2 Be7 32. Ng4 h5 33. Ne5 Bf6 34. Nd3 Be7 35. b4 Kc8 36. a4 Bf6 37. b5 Kb7 38. c4 Re7 39. Rhe1 Rge8 40. a5 a6 41. bxa6+ Kxa6 42. axb6 cxb6 43. c5 bxc5 44. Rb1 cxd4 45. Re2 1-0